Galaxies - Statistics

General Stats
  • This quiz has been taken 200 times
  • The average score is 4 of 9
Answer Stats
Hint Answer % Correct
Where we live? Milky Way
98%
Galaxy that we might collide into? Andromeda
93%
Future galaxy name for when Milky Way and Andromeda collide? Milkdromeda
74%
Largest galaxy? IC 1101
36%
Smallest galaxy? Segue 2
31%
Newest galaxy? HD1
30%
2nd largest galaxy? Hercules A
21%
2 smallest galaxy? Triangulum Galaxy
15%
Furthest galaxy from us? Messier 63
9%
No matching quizzes found
Score Distribution
Percent of People with Each Score
Percentile by Number Answered
Your Score History
You have not taken this quiz